000 00830nam a2200169 i 4500
001 114741
003 ES-MaACL
007 t|
008 070322m19281932sp ||||1| spa d
245 0 0 _aResumen de técnica operatoria.
260 _aBarcelona :
_bSintes,
_c1928-1932.
300 _av. <1,3,5-7> :
_bil. ;
_c20 cm.
505 8 _aContiene: V. 1. Cirugía de la cabeza y del cuello / por Ch. Lenormant y Pierre Brocq -- v. 3. Cirugía del abdomen / por M. Guibé y J. Quénu -- v. 5. Cirugía del aparato urinario y del aparato genital del hombre / por Pierre Duval y J. Gatellier -- v. 6. Aparato genital de la mujer / por R. Proust -- v. 7. Práctica corriente y cirugía de urgencia / por V. Veau y F. D'Allaines.
650 1 7 _aCirugía
_2embne
_911050
852 _aES-MaACL
_jC-8216-20
999 _c114741
_d114741